| 000 | 00988nam a22002777a 4500 | ||
|---|---|---|---|
| 005 | 20120502103833.0 | ||
| 008 | 120502t xxu||||| |||| 00| 0 eng d | ||
| 010 | _aENG-105169 | ||
| 020 |
_a9780071070034 _c450.00 |
||
| 020 |
_a0071070036 _c450.00 |
||
| 035 | _aEN-88702 | ||
| 037 | _bDBAD/PUB | ||
| 040 |
_aDPL _bEng |
||
| 082 | _a620.1 | ||
| 100 | _946161 | ||
| 245 |
_aAn introduction to the mechanics of solids : _cby Robert R. Archer...[et al] ; adapted by M.S. Sivakumar _bin SI units / |
||
| 250 | _a3rd ed | ||
| 260 |
_aNew Delhi _bTata McGraw Hill _c2012 |
||
| 270 |
_a7, West Patel Nagar _bNew Delhi _e110008 |
||
| 300 |
_axiv,570p. : _bill. _c23cm(pbk) |
||
| 500 | _aIncludes index | ||
| 650 |
_aStrength of materials _946164 |
||
| 700 |
_aArcher, Robert R. _946160 |
||
| 942 |
_2ddc _cEN _h620.1 _mINT |
||
| 999 |
_c65946 _d65946 |
||